000 00565cam a22002291 4500
001 ne 63000355
003 DLC
005 20260227111741.0
008 890331s1962 xx 000 0 ara
010 _ane 63000355
035 _a(OCoLC)23499822
040 _aDLC
_cMiU
_dDLC
042 _apremarc
043 _aa-sy---
050 0 0 _aPJ6811
_b.A4
100 1 _aAfghānī, Saʻīd.
245 1 0 _aḤāḍir al-lughah al-ʻArabīyah.
260 _c[1962]
300 _a227 p.
_c24 cm.
500 _aRomanized.
650 0 _aArabic language
_xDialects
_zSyria.
999 _c45588
_d45588